{"text_format":"2","workbook":"xlsx","n_sheets":5,"sheets":["ORÇAMENTO","CPU","BDI SERV","BDI FORN","CRONOGRAMA"],"not_rendered":{"charts":0,"images":2,"macros":0,"external_links":0,"defined_names":5,"comments":1,"pivot_tables":0},"unopened":[],"bounds":{"document_bytes":16777216,"sheet_cells":100000,"run_cost":"one","rows_first":2000,"rows_last":500,"rows_between":2000,"halvings":0,"cell_chars":16384,"cell_head_chars":4096},"cells_cut":0,"cells_raw":0,"read":"whole","date_system":"1900"}

{"sheet":"ORÇAMENTO","index":0,"n_rows":29,"n_cols":9,"rows_kept":29,"cut":false,"hidden":false,"merged":[[28,1,28,2],[0,0,7,0],[0,2,0,8],[1,2,1,8],[2,2,2,8],[4,2,4,8],[5,6,5,7],[6,1,6,2],[6,6,6,7]]}
["<---- NUMERAR SERVIÇOS PARA CPU",null,"Ministério do Desenvolvimento Regional"]
[null,null,"Companhia de Desenvolvimento dos Vales do São Francisco e do Parnaíba"]
[null,null,"1ª Superintendência Regional"]
[]
[null,"OBRA: "," ITACAMBIRA - RECAPEAMENTO DE VIAS URBANAS EM CBUQ - ITEM 2"]
[null,"DATA:"," OUTUBRO / 2023   ",null,null,null,"BDI Serviços:",null,{"$f":"'BDI SERV'!D31/100","v":0.24670000000000003}]
[null,"PRAZO DE EXECUÇÃO:     90 DIAS",{"$nulls":4},"BDI Fornecimentos:",null,{"$f":"'BDI FORN'!D31/100","v":0.15}]
[null,"ITEM","DISCRIMINAÇÃO","REFER.","UNID.","QUANT.","P. UNITÁRIO","P.UNIT.C/ BDI","P. TOTAL"]
["A",1,"SERVIÇOS PRELIMINARES ",{"$nulls":5},{"$f":"SUM(I10:I13)","v":118589.97}]
[1,"1.1","MOBILIZAÇÃO E DESMOBILIZAÇÃO","CPU.1","GL",1,{"$f":"VLOOKUP(A10,CPU!$A$1:$N$4516,9)","v":12737.32},{"$f":"VLOOKUP(A10,CPU!$A$1:$N$4516,10)","v":15879.62},{"$f":"ROUND(F10*H10,2)","v":15879.62}]
[2,"1.2","ADMINISTRAÇÃO LOCAL","CPU.2","GL",1,{"$f":"VLOOKUP(A11,CPU!$A$1:$N$4516,9)","v":74114.03},{"$f":"VLOOKUP(A11,CPU!$A$1:$N$4516,10)","v":92397.96},{"$f":"ROUND(F11*H11,2)","v":92397.96}]
[3,"1.3","CANTEIRO DE OBRAS","CPU.3","GL",1,{"$f":"VLOOKUP(A12,CPU!$A$1:$N$4516,9)","v":7250.25},{"$f":"VLOOKUP(A12,CPU!$A$1:$N$4516,10)","v":9038.89},{"$f":"ROUND(F12*H12,2)","v":9038.89}]
[4,"1.4","PLACA DE OBRA EM CHAPA DE AÇO GALVANIZADO",103689,"M2",3,{"$f":"VLOOKUP(A13,CPU!$A$1:$N$4516,9)","v":340.5},{"$f":"VLOOKUP(A13,CPU!$A$1:$N$4516,10)","v":424.5},{"$f":"ROUND(F13*H13,2)","v":1273.5}]
["B",2,"PAVIMENTAÇÃO",{"$nulls":5},{"$f":"SUM(I15:I17)","v":127469.6}]
[10,"2.1","RECOMPOSIÇÃO DE BASE E OU SUB-BASE PARA REMENDO PROFUNDO DE BICA CORRIDA - INCLUSO RETIRADA E COLOCAÇÃO DO MATERIAL","101835a","M3",29.999999999999996,{"$f":"VLOOKUP(A15,CPU!$A$1:$N$4516,9)","v":252.43},{"$f":"VLOOKUP(A15,CPU!$A$1:$N$4516,10)","v":314.7},{"$f":"ROUND(F15*H15,2)","v":9441}]
[11,"2.2","PINTURA DE LIGAÇÃO COM EMULSÃO ASFÁLTICA RR-1C",96402,"M2",19300,{"$f":"VLOOKUP(A16,CPU!$A$1:$N$4516,9)","v":1.01},{"$f":"VLOOKUP(A16,CPU!$A$1:$N$4516,10)","v":1.26},24318]
[12,"2.3","EXECUÇÃO DE PAVIMENTO COM APLICAÇÃO DE CONCRETO ASFÁLTICO USINADO A QUENTE (CBUQ), CAMADA DE ROLAMENTO - EXCLUSIVE TRANSPORTE",95995,"M3",580,{"$f":"VLOOKUP(A17,CPU!$A$1:$N$4516,9)","v":129.6},{"$f":"VLOOKUP(A17,CPU!$A$1:$N$4516,10)","v":161.57},93710.6]
["C",3,"TRANSPORTE DE MATERIAIS",{"$nulls":5},{"$f":"SUM(I19:I19)","v":3185}]
[13,"3.1","TRANSPORTE COM CAMINHÃO BASCULANTE, EM VIA URBANA PAVIMENTADA",95427,"M3XKM",3499.9999999999995,{"$f":"VLOOKUP(A19,CPU!$A$1:$N$4516,9)","v":0.73},{"$f":"VLOOKUP(A19,CPU!$A$1:$N$4516,10)","v":0.91},{"$f":"ROUND(F19*H19,2)","v":3185}]
["D",4,"TRANSPORTE DE MATERIAL ASFÁLTICO (BDI DIFERENCIADO)",{"$nulls":5},{"$f":"SUM(I21:I22)","v":85600}]
[15,"4.1","TRANSPORTE DE MASSA ASFÁLTICA COM CAMINHÃO BASCULANTE, EM VIA URBANA PAVIMENTADA (BDI DIFERENCIADO)",95430,"TXKM",160000,{"$f":"VLOOKUP(A21,CPU!$A$1:$N$4516,9)","v":0.44999999999999996},{"$f":"VLOOKUP(A21,CPU!$A$1:$N$4516,10)","v":0.52},{"$f":"ROUND(F21*H21,2)","v":83200}]
[16,"4.2","TRANSPORTE COM CAMINHÃO TANQUE DE TRANSPORTE DE MATERIAL ASFÁLTICO DE 30000 L, EM VIA URBANA PAVIMENTADA (BDI DIFERENCIADO)",102331,"TXKM",4000,{"$f":"VLOOKUP(A22,CPU!$A$1:$N$4516,9)","v":0.52},{"$f":"VLOOKUP(A22,CPU!$A$1:$N$4516,10)","v":0.6},{"$f":"ROUND(F22*H22,2)","v":2400}]
["E",5,"OBRAS COMPLEMENTARES (SINALIZAÇÃO)",{"$nulls":5},{"$f":"SUM(I24:I25)","v":87772.800000000003}]
[19,"5.1","PINTURA DE SÍMBOLOS E TEXTOS COM TINTA ACRÍLICA, DEMARCAÇÃO COM FITA ADESIVA E APLICAÇÃO COM ROLO (PARE, ETC.)",102513,"M2",320,{"$f":"VLOOKUP(A24,CPU!$A$1:$N$4516,9)","v":44.83},{"$f":"VLOOKUP(A24,CPU!$A$1:$N$4516,10)","v":55.89},{"$f":"ROUND(F24*H24,2)","v":17884.8}]
[21,"5.2","PINTURA DE EIXO VIÁRIO SOBRE ASFALTO COM TINTA RETRORREFLETIVA A BASE DE RESINA ACRÍLICA COM MICROESFERAS DE VIDRO, APLICAÇÃO MECÂNICA COM DEMARCADORA AUTOPROPELIDA",102512,"M",9600,{"$f":"VLOOKUP(A25,CPU!$A$1:$N$4516,9)","v":5.84},{"$f":"VLOOKUP(A25,CPU!$A$1:$N$4516,10)","v":7.28},69888]
["F",6,"FORNECIMENTOS - MATERIAL ASFÁLTICO (BDI DIFERENCIADO)",{"$nulls":5},{"$f":"SUM(I27:I28)","v":1063001.5900000001}]
[26,"6.1","AQUISIÇÃO DE EMULSAO ASFALTICA CATIONICA RR-1C - EXCLUSIVE TRANSPORTE","CPU.6","T",8.995000000000001,{"$f":"VLOOKUP(A27,CPU!$A$1:$N$4516,9)","v":2706.7},{"$f":"VLOOKUP(A27,CPU!$A$1:$N$4516,10)","v":3112.71},{"$f":"ROUND(F27*H27,2)","v":27998.83}]
[27,"6.2","AQUISIÇÃO DE CONCRETO BETUMINOSO USINADO A QUENTE (CBUQ) PARA PAVIMENTACAO ASFALTICA, PADRAO DNIT, FAIXA C, COM CAP 50/70 - EXCLUSIVE TRANSPORTE","CPU.7","T",1500.0040000000001,{"$f":"VLOOKUP(A28,CPU!$A$1:$N$4516,9)","v":600},{"$f":"VLOOKUP(A28,CPU!$A$1:$N$4516,10)","v":690},{"$f":"ROUND(F28*H28,2)","v":1035002.76}]
[null,"TOTAL GERAL DA OBRA COM BDI ",{"$nulls":6},{"$f":"SUM(I9,I14,I18,I23,I26,I20)","v":1485618.96}]

{"sheet":"CPU","index":1,"n_rows":213,"n_cols":13,"rows_kept":213,"cut":false,"hidden":false,"merged":[[0,0,13,0],[0,1,0,3],[0,4,0,7],[0,10,0,11],[1,2,1,5],[1,10,1,11],[2,2,2,3],[3,1,3,7],[9,1,9,3],[9,5,9,6],[10,1,10,6],[11,1,11,6],[12,1,12,6],[14,0,31,0],[14,1,14,3],[14,4,14,7],[14,10,14,11],[15,2,15,5],[15,8,16,9],[16,2,16,3],[17,1,17,7],[27,1,27,3],[27,5,27,6],[28,1,28,6],[29,1,29,6],[30,1,30,6],[32,0,45,0],[32,1,32,3],[32,4,32,7],[32,10,32,11],[33,2,33,5],[33,8,34,9],[34,2,34,3],[35,1,35,7],[41,1,41,3],[41,5,41,6],[42,1,42,6],[43,1,43,6],[44,1,44,6],[46,0,63,0],[46,1,46,3],[46,4,46,7],[46,10,46,11],[47,2,47,5],[48,2,48,3],[49,1,49,7],[59,1,59,3],[59,5,59,6],[60,1,60,6],[61,1,61,6],[62,1,62,6],[64,0,79,0],[64,1,64,3],[64,4,64,7],[64,10,64,11],[65,2,65,5],[66,2,66,3],[67,1,67,7],[75,1,75,3],[75,5,75,6],[76,1,76,6],[77,1,77,6],[78,1,78,6],[80,0,98,0],[80,1,80,3],[80,4,80,7],[80,10,80,11],[81,2,81,5],[82,2,82,3],[83,1,83,7],[94,1,94,3],[94,5,94,6],[95,1,95,6],[96,1,96,6],[97,1,97,6],[99,0,120,0],[99,1,99,3],[99,4,99,7],[99,10,99,11],[100,2,100,5],[101,2,101,3],[102,1,102,7],[104,8,104,9],[116,1,116,3],[116,5,116,6],[117,1,117,6],[118,1,118,6],[119,1,119,6],[121,0,132,0],[121,1,121,3],[121,4,121,7],[121,10,121,11],[122,2,122,5],[123,2,123,3],[124,1,124,7],[129,1,129,3],[129,5,129,6],[130,1,130,6],[131,1,131,6],[132,1,132,6],[134,0,145,0],[134,1,134,3],[134,4,134,7],[135,2,135,5],[136,2,136,3],[137,1,137,7],[142,1,142,3],[142,5,142,6],[143,1,143,6],[144,1,144,6],[145,1,145,6],[147,0,158,0],[147,1,147,3],[147,4,147,7],[147,10,147,11],[148,2,148,5],[149,2,149,3],[150,1,150,7],[154,1,154,3],[154,5,154,6],[155,1,155,6],[156,1,156,6],[157,1,157,6],[159,0,172,0],[159,1,159,3],[159,4,159,7],[160,2,160,5],[161,2,161,3],[162,1,162,7],[169,1,169,3],[169,5,169,6],[170,1,170,6],[171,1,171,6],[172,1,172,6],[174,0,190,0],[174,1,174,3],[174,4,174,7],[175,2,175,5],[176,2,176,3],[177,1,177,7],[187,1,187,3],[187,5,187,6],[188,1,188,6],[189,1,189,6],[190,1,190,6],[192,0,201,0],[192,1,192,3],[192,4,192,7],[193,2,193,5],[194,2,194,3],[195,1,195,7],[198,1,198,3],[198,5,198,6],[199,1,199,6],[200,1,200,6],[201,1,201,6],[203,0,212,0],[203,1,203,3],[203,4,203,7],[204,2,204,5],[205,2,205,3],[206,1,206,7],[209,1,209,3],[209,5,209,6],[210,1,210,6],[211,1,211,6],[212,1,212,6]]}
[1,"CODEVASF",null,null," COMPOSIÇÃO DE PREÇO UNITÁRIO",null,null,null,{"$f":"H11","v":12737.32},{"$f":"H13","v":15879.62},"BDI CALCULADO:",null,{"$f":"ORÇAMENTO!I6","v":0.24670000000000003}]
[null,"OBRA:  ",{"$f":"ORÇAMENTO!C5","v":" ITACAMBIRA - RECAPEAMENTO DE VIAS URBANAS EM CBUQ - ITEM 2"},null,null,null,"DATA: ",{"$f":"ORÇAMENTO!C6","v":" OUTUBRO / 2023   "},null,null,"BDI DIFERENCIADO:",null,{"$f":"'BDI FORN'!D31/100","v":0.15}]
[null,"SERVIÇO:  ",{"$f":"VLOOKUP(A1,ORÇAMENTO!A10:I23,3)","v":"MOBILIZAÇÃO E DESMOBILIZAÇÃO"},null,"Referência:",{"$f":"VLOOKUP(A1,ORÇAMENTO!$A$10:$I$23,4)","v":"CPU.1"},"UNIDADE: ",{"$f":"VLOOKUP(A1,ORÇAMENTO!A10:I23,5)","v":"GL"}]
[]
[null,"TIPO ITEM","CODIGO ITEM","DESCRIÇÃO ITEM","UNIDADE ITEM","COEFICIENTE","PRECO UNITARIO","CUSTO TOTAL"]
[null,"COMPOSICAO",89876,"CAMINHÃO BASCULANTE 14 M3, COM CAVALO MECÂNICO DE CAPACIDADE MÁXIMA DE TRAÇÃO COMBINADO DE 36000 KG, POTÊNCIA 286 CV, INCLUSIVE SEMIREBOQUE COM CAÇAMBA METÁLICA","CHP DIURNO.",8,316.13,{"$f":"ROUNDDOWN(F6*G6,2)","v":2529.04}]
[null,"COMPOSICAO",89877,"CAMINHÃO BASCULANTE 14 M3, COM CAVALO MECÂNICO DE CAPACIDADE MÁXIMA DE TRAÇÃO COMBINADO DE 36000 KG, POTÊNCIA 286 CV, INCLUSIVE SEMIREBOQUE COM CAÇAMBA METÁLICA","CHI DIURNO.",8,89.75,{"$f":"ROUNDDOWN(F7*G7,2)","v":718}]
[null,"COMPOSICAO",5914640,"TRANSPORTE COM CAVALO MECÂNICO COM SEMIRREBOQUE COM CAPACIDADE DE 30 T - RODOVIA PAVIMENTADA","T.KM",4837,0.57999999999999996,{"$f":"ROUNDDOWN(F8*G8,2)","v":2805.46}]
[null,"COMPOSIÇÃO",88316,"SERVENTE COM ENCARGOS COMPLEMENTARES","H",16,19.760000000000002,{"$f":"ROUNDDOWN(F9*G9,2)","v":316.16000000000003}]
[null,"PRODUÇÃO DA EQUIPE",null,null,0.5,"CUSTO ",null,{"$f":"SUM(H6:H9)","v":6368.66}]
[null,"TOTAL",{"$nulls":5},{"$f":"H10/E10","v":12737.32},"OK"]
[null,"BDI                %",{"$nulls":5},{"$f":"1+$M$1","v":1.2467000000000001}]
[null,"TOTAL DO SERVIÇO - R$",{"$nulls":5},{"$f":"ROUND(H11*H12,2)","v":15879.62}]
[]
[{"$f":"A1+1","v":2},"CODEVASF",null,null," COMPOSIÇÃO DE PREÇO UNITÁRIO",null,null,null,{"$f":"H29","v":74114.03},{"$f":"H31","v":92397.96}]
[null,"OBRA:  ",{"$f":"$C$2","v":" ITACAMBIRA - RECAPEAMENTO DE VIAS URBANAS EM CBUQ - ITEM 2"},null,null,null,"DATA: ",{"$f":"$H$2","v":" OUTUBRO / 2023   "}]
[null,"SERVIÇO:  ",{"$f":"VLOOKUP(A15,ORÇAMENTO!$A$10:$I$23,3)","v":"ADMINISTRAÇÃO LOCAL"},null,"SINAPI",{"$f":"VLOOKUP(A15,ORÇAMENTO!$A$10:$I$23,4)","v":"CPU.2"},"UNIDADE: ",{"$f":"VLOOKUP(A15,ORÇAMENTO!$A$10:$I$23,5)","v":"GL"}]
[]
[null,"TIPO ITEM","CODIGO ITEM","DESCRIÇÃO ITEM","UNIDADE ITEM","COEFICIENTE","PRECO UNITARIO","CUSTO TOTAL"]
[null,"INSUMO",14250,"ENERGIA ELÉTRICA","kwh",60,0.94,{"$f":"ROUNDDOWN(F20*G20,2)","v":56.4}]
[null,"INSUMO",44480,"TARIFA \"A\" - ÁGUA/ESGOTO ","m³",6,17.78,106.68]
[null,"COTAÇÃO","MERC.","TELEFONE (PLANO CONTROLE)","UNID",2,59.9,119.8]
[null,"INSUMO","ED-50155 SEINFRA","BANHEIRO QUÍMICO 110 X 120 X 230 CM COM MANUTENÇÃO (CONSIDERANDO OBRAS SIMULTÂNEAS)","MÊS",2,820,1640]
[null,"COMPOSICAO",90777,"Engenheiro Civil Júnior com encargos complementares","H",55,114.12,6276.6]
[null,"COMPOSICAO",90776,"Encarregado Geral com encargos complementares","H",220,57.73,12700.6]
[null,"COMPOSICAO",88321,"Tecnico de Laboratório com encargos complementares","H",55,45.45,2499.75]
[null,"COMPOSICAO",90772,"Auxiliar de escritório com encargos complementares","H",55,23.72,1304.5999999999999]
[null,"PRODUÇÃO DA EQUIPE",null,null,0.33333000000000002,"CUSTO ",null,{"$f":"SUM(H20:H27)","v":24704.43}]
[null,"TOTAL",{"$nulls":5},{"$f":"ROUND(H28/E28,2)","v":74114.03},"OK"]
[null,"BDI                %",{"$nulls":5},{"$f":"1+$M$1","v":1.2467000000000001}]
[null,"TOTAL DO SERVIÇO - R$",{"$nulls":5},{"$f":"ROUND(H29*H30,2)","v":92397.96}]
[]
[{"$f":"A15+1","v":3},"CODEVASF",null,null," COMPOSIÇÃO DE PREÇO UNITÁRIO",null,null,null,{"$f":"H43","v":7250.25},{"$f":"H45","v":9038.89}]
[null,"OBRA:  ",{"$f":"$C$2","v":" ITACAMBIRA - RECAPEAMENTO DE VIAS URBANAS EM CBUQ - ITEM 2"},null,null,null,"DATA: ",{"$f":"$H$2","v":" OUTUBRO / 2023   "}]
[null,"SERVIÇO:  ",{"$f":"VLOOKUP(A33,ORÇAMENTO!$A$10:$I$23,3)","v":"CANTEIRO DE OBRAS"},null,"SINAPI",{"$f":"VLOOKUP(A33,ORÇAMENTO!$A$10:$I$23,4)","v":"CPU.3"},"UNIDADE: ",{"$f":"VLOOKUP(A33,ORÇAMENTO!$A$10:$I$23,5)","v":"GL"}]
[]
[null,"TIPO ITEM","CODIGO ITEM","DESCRIÇÃO ITEM","UNIDADE ITEM","COEFICIENTE","PRECO UNITARIO","CUSTO TOTAL"]
[null,"INSUMO",10775,"LOCACAO DE CONTAINER 2,30 X 6,00 M, ALT. 2,50 M, COM 1 SANITARIO, PARA ESCRITORIO, COMPLETO, SEM DIVISORIAS INTERNAS","MÊS",3,975,{"$f":"ROUNDDOWN(F38*G38,2)","v":2925}]
[null,"INSUMO",10779,"LOCACAO DE CONTAINER 2,30 X 4,30 M, ALT. 2,50 M, P/ SANITARIO, C/ 5 BACIAS, 1 LAVATORIO E 4 MICTORIOS","MÊS",3,1218.75,{"$f":"ROUNDDOWN(F39*G39,2)","v":3656.25}]
[null,"INSUMO","37525","TELA PLASTICA TECIDA LISTRADA BRANCA E LARANJA, TIPO GUARDA CORPO, EM POLIETILENO MONOFILADO, ROLO 1,20 X 50 M (L X C)","M",100,3.69,{"$f":"ROUNDDOWN(F40*G40,2)","v":369}]
[null,"COMPOSICAO"," - ","PLACA DE SINALIZAÇÃO - \"PERIGO - OBRAS A FRENTE\" - FORNECIMENTO E MOVIMENTAÇÃO","UNID.",12,25,{"$f":"ROUNDDOWN(F41*G41,2)","v":300}]
[null,"PRODUÇÃO DA EQUIPE",null,null,1,"CUSTO ",null,{"$f":"SUM(H38:H41)","v":7250.25}]
[null,"TOTAL",{"$nulls":5},{"$f":"H42/E42","v":7250.25},"OK"]
[null,"BDI                %",{"$nulls":5},{"$f":"1+$M$1","v":1.2467000000000001}]
[null,"TOTAL DO SERVIÇO - R$",{"$nulls":5},{"$f":"ROUND(H43*H44,2)","v":9038.89}]
[]
[{"$f":"A33+1","v":4},"CODEVASF",null,null," COMPOSIÇÃO DE PREÇO UNITÁRIO",null,null,null,{"$f":"H61","v":340.5},{"$f":"H63","v":424.5}]
[null,"OBRA:  ",{"$f":"$C$2","v":" ITACAMBIRA - RECAPEAMENTO DE VIAS URBANAS EM CBUQ - ITEM 2"},null,null,null,"DATA: ",{"$f":"$H$2","v":" OUTUBRO / 2023   "}]
[null,"SERVIÇO:  ",{"$f":"VLOOKUP(A47,ORÇAMENTO!$A$10:$I$23,3)","v":"PLACA DE OBRA EM CHAPA DE AÇO GALVANIZADO"},null,"SINAPI",{"$f":"VLOOKUP(A47,ORÇAMENTO!$A$10:$I$23,4)","v":103689},"UNIDADE: ",{"$f":"VLOOKUP(A47,ORÇAMENTO!$A$10:$I$23,5)","v":"M2"}]
[]
[null,"TIPO ITEM","CODIGO ITEM","DESCRIÇÃO ITEM","UNIDADE ITEM","COEFICIENTE","PRECO UNITARIO","CUSTO TOTAL"]
[null,"INSUMO","4509","SARRAFO *2,5 X 10* CM EM PINUS, MISTA OU EQUIVALENTE DA REGIAO - BRUTA","M","3,2083000","4,41",{"$f":"ROUNDDOWN(F52*G52,2)","v":14.14}]
[null,"INSUMO","4813","PLACA DE OBRA (PARA CONSTRUCAO CIVIL) EM CHAPA GALVANIZADA *N. 22*, ADESIVADA, DE *2,4 X 1,2* M (SEM POSTES PARA FIXACAO)","M2","1,0000000","250,00",250]
[null,"INSUMO","5065","PREGO DE ACO POLIDO COM CABECA 10 X 10 (7/8 X 17)","KG","0,0113000","36,57",0.41]
[null,"INSUMO","5069","PREGO DE ACO POLIDO COM CABECA 17 X 27 (2 1/2 X 11)","KG","0,0132000","19,59",0.25]
[null,"COMPOSICAO","88262","CARPINTEIRO DE FORMAS COM ENCARGOS COMPLEMENTARES","H","0,3729000","27,05",10.08]
[null,"COMPOSICAO","88316","SERVENTE COM ENCARGOS COMPLEMENTARES","H","1,1186000","19,76",22.1]
[null,"INSUMO",4115,"MADEIRA ROLICA TRATADA, D = 12 A 15 CM, H = 3,00 M, EM EUCALIPTO OU EQUIVALENTE","M",2,21.76,43.52]
[{"$nulls":7},0]
[null,"PRODUÇÃO DA EQUIPE",null,null,1,"CUSTO ",null,{"$f":"SUM(H52:H59)","v":340.5}]
[null,"TOTAL",{"$nulls":5},{"$f":"H60/E60","v":340.5},"OK"]
[null,"BDI                %",{"$nulls":5},{"$f":"1+$M$1","v":1.2467000000000001}]
[null,"TOTAL DO SERVIÇO - R$",{"$nulls":5},{"$f":"ROUND(H61*H62,2)","v":424.5}]
[]
[10,"CODEVASF",null,null," COMPOSIÇÃO DE PREÇO UNITÁRIO",null,null,null,{"$f":"H77","v":252.43},{"$f":"H79","v":314.7}]
[null,"OBRA:  ",{"$f":"$C$2","v":" ITACAMBIRA - RECAPEAMENTO DE VIAS URBANAS EM CBUQ - ITEM 2"},null,null,null,"DATA: ",{"$f":"$H$2","v":" OUTUBRO / 2023   "}]
[null,"SERVIÇO:  ",{"$f":"VLOOKUP(A65,ORÇAMENTO!$A$10:$I$23,3)","v":"RECOMPOSIÇÃO DE BASE E OU SUB-BASE PARA REMENDO PROFUNDO DE BICA CORRIDA - INCLUSO RETIRADA E COLOCAÇÃO DO MATERIAL"},null,"SINAPI",{"$f":"VLOOKUP(A65,ORÇAMENTO!$A$10:$I$23,4)","v":"101835a"},"UNIDADE: ",{"$f":"VLOOKUP(A65,ORÇAMENTO!$A$10:$I$23,5)","v":"M3"}]
[]
[null,"TIPO ITEM","CODIGO ITEM","DESCRIÇÃO ITEM","UNIDADE ITEM","COEFICIENTE","PRECO UNITARIO","CUSTO TOTAL"]
[null,"COMPOSICAO","88316","SERVENTE COM ENCARGOS COMPLEMENTARES","H","4,2001000","19,76",{"$f":"ROUNDDOWN(F70*G70,2)","v":82.99}]
[null,"COMPOSICAO","91533","COMPACTADOR DE SOLOS DE PERCUSSÃO (SOQUETE) COM MOTOR A GASOLINA 4 TEMPOS, POTÊNCIA 4 CV","CHP","0,2050000","40,78",8.35]
[null,"COMPOSICAO","91534","COMPACTADOR DE SOLOS DE PERCUSSÃO (SOQUETE) COM MOTOR A GASOLINA 4 TEMPOS, POTÊNCIA 4 CV","CHI","0,8450000","34,48",29.13]
[null,"COMPOSICAO",4748,"PEDRA BRITADA OU BICA CORRIDA, NAO CLASSIFICADA (POSTO PEDREIRA/FORNECEDOR, SEM FRETE)","M3","1,0000000",108.65,108.65]
[null,"INSUMO","ANP","EMULSÃO ASFÁLTICA PARA IMPRIMAÇÃO (EAI)","T",{"$f":"1.3/0.15/1000","v":8.666666666666668E-3},{"$f":"2.205618*1.2195122*1000","v":2689.7780595395998},23.31]
[{"$nulls":7},0]
[null,"PRODUÇÃO DA EQUIPE",null,null,1,"CUSTO ",null,{"$f":"SUM(H70:H75)","v":252.43}]
[null,"TOTAL",{"$nulls":5},{"$f":"H76/E76","v":252.43},"OK"]
[null,"BDI                %",{"$nulls":5},{"$f":"1+$M$1","v":1.2467000000000001}]
[null,"TOTAL DO SERVIÇO - R$",{"$nulls":5},{"$f":"ROUND(H77*H78,2)","v":314.7}]
[]
[11,"CODEVASF",null,null," COMPOSIÇÃO DE PREÇO UNITÁRIO",null,null,null,{"$f":"H96","v":1.01},{"$f":"H98","v":1.26}]
[null,"OBRA:  ",{"$f":"$C$2","v":" ITACAMBIRA - RECAPEAMENTO DE VIAS URBANAS EM CBUQ - ITEM 2"},null,null,null,"DATA: ",{"$f":"$H$2","v":" OUTUBRO / 2023   "}]
[null,"SERVIÇO:  ",{"$f":"VLOOKUP(A81,ORÇAMENTO!$A$10:$I$23,3)","v":"PINTURA DE LIGAÇÃO COM EMULSÃO ASFÁLTICA RR-1C"},null,"SINAPI",{"$f":"VLOOKUP(A81,ORÇAMENTO!$A$10:$I$23,4)","v":96402},"UNIDADE: ","M2"]
[]
[null,"TIPO ITEM","CODIGO ITEM","DESCRIÇÃO ITEM","UNIDADE ITEM","COEFICIENTE","PRECO UNITARIO","CUSTO TOTAL"]
[null,"COMPOSICAO",5839,"VASSOURA MECÂNICA REBOCÁVEL COM ESCOVA CILÍNDRICA, LARGURA ÚTIL DE VARRIMENTO DE 2,44 M","CHP","0,0020000",10.3,{"$f":"ROUNDDOWN(F86*G86,2)","v":0.02}]
[null,"COMPOSICAO",5841,"VASSOURA MECÂNICA REBOCÁVEL COM ESCOVA CILÍNDRICA, LARGURA ÚTIL DE VARRIMENTO DE 2,44 M","CHI","0,0040000",5.18,0.02]
[null,"INSUMO",41903,"EMULSAO ASFALTICA CATIONICA RR-2C PARA USO EM PAVIMENTACAO ASFALTICA (FORNECIMENTO COM BDI DIFERENCIADO)","KG","0,4500000",null,0]
[null,"COMPOSICAO",83362,"ESPARGIDOR DE ASFALTO PRESSURIZADO, TANQUE 6 M3 COM ISOLAÇÃO TÉRMICA, AQUECIDO COM 2 MAÇARICOS, COM BARRA ESPARGIDORA 3,60 M, MONTADO SOBRE CAMINHÃO  TOCO, PBT 14.300 KG, POTÊNCIA 185 CV","CHP","0,0004000",256.33999999999997,0.1]
[null,"COMPOSICAO",88316,"SERVENTE COM ENCARGOS COMPLEMENTARES","H","0,0055000",19.760000000000002,0.1]
[null,"COMPOSICAO",89035,"TRATOR DE PNEUS, POTÊNCIA 85 CV, TRAÇÃO 4X4, PESO COM LASTRO DE 4.675 KG","CHP","0,0017000",135.08000000000001,0.22]
[null,"COMPOSICAO",89036,"TRATOR DE PNEUS, POTÊNCIA 85 CV, TRAÇÃO 4X4, PESO COM LASTRO DE 4.675 KG","CHI","0,0038000",56.48,0.21]
[null,"COMPOSICAO",91486,"ESPARGIDOR DE ASFALTO PRESSURIZADO, TANQUE 6 M3 COM ISOLAÇÃO TÉRMICA, AQUECIDO COM 2 MAÇARICOS, COM BARRA ESPARGIDORA 3,60 M, MONTADO SOBRE CAMINHÃO  TOCO, PBT 14.300 KG, POTÊNCIA 185 CV","CHI","0,0051000",68.430000000000007,0.34]
[{"$nulls":7},0]
[null,"PRODUÇÃO DA EQUIPE",null,null,1,"CUSTO ",null,{"$f":"SUM(H86:H94)","v":1.01}]
[null,"TOTAL",{"$nulls":5},{"$f":"H95/E95","v":1.01},"OK"]
[null,"BDI                %",{"$nulls":5},{"$f":"1+$M$1","v":1.2467000000000001}]
[null,"TOTAL DO SERVIÇO - R$",{"$nulls":5},{"$f":"ROUND(H96*H97,2)","v":1.26}]
[]
[12,"CODEVASF",null,null," COMPOSIÇÃO DE PREÇO UNITÁRIO",null,null,null,{"$f":"H118","v":129.6},{"$f":"H120","v":161.57}]
[null,"OBRA:  ",{"$f":"$C$2","v":" ITACAMBIRA - RECAPEAMENTO DE VIAS URBANAS EM CBUQ - ITEM 2"},null,null,null,"DATA: ",{"$f":"$H$2","v":" OUTUBRO / 2023   "}]
[null,"SERVIÇO:  ",{"$f":"VLOOKUP(A100,ORÇAMENTO!$A$10:$I$23,3)","v":"EXECUÇÃO DE PAVIMENTO COM APLICAÇÃO DE CONCRETO ASFÁLTICO USINADO A QUENTE (CBUQ), CAMADA DE ROLAMENTO - EXCLUSIVE TRANSPORTE"},null,"SINAPI",{"$f":"VLOOKUP(A100,ORÇAMENTO!$A$10:$I$23,4)","v":95995},"UNIDADE: ",{"$f":"VLOOKUP(A100,ORÇAMENTO!$A$10:$I$23,5)","v":"M3"}]
[]
[null,"TIPO ITEM","CODIGO ITEM","DESCRIÇÃO ITEM","UNIDADE ITEM","COEFICIENTE","PRECO UNITARIO","CUSTO TOTAL"]
[null,"INSUMO",1518,"CONCRETO BETUMINOSO USINADO A QUENTE (CBUQ) PARA PAVIMENTACAO ASFALTICA, PADRAO DNIT, FAIXA C, COM CAP 50/70 - AQUISICAO POSTO USINA (FORNECIMENTO COM BDI DIFERENCIADO)","T","2,5548000",null,{"$f":"ROUNDDOWN(F105*G105,2)","v":0}]
[null,"COMPOSICAO","5835","VIBROACABADORA DE ASFALTO SOBRE ESTEIRAS, LARGURA DE PAVIMENTAÇÃO 1,90 M A 5,30 M, POTÊNCIA 105 HP CAPACIDADE 450 T/H","CHP","0,0464000","396,75",18.399999999999999]
[null,"COMPOSICAO","5837","VIBROACABADORA DE ASFALTO SOBRE ESTEIRAS, LARGURA DE PAVIMENTAÇÃO 1,90 M A 5,30 M, POTÊNCIA 105 HP CAPACIDADE 450 T/H ","CHI","0,0949000","165,12",15.66]
[null,"COMPOSICAO",88314,"RASTELEIRO COM ENCARGOS COMPLEMENTARES","H","1,1301000","26,52",29.97]
[null,"COMPOSICAO",91386,"CAMINHÃO BASCULANTE 10 M3, TRUCADO CABINE SIMPLES, PESO BRUTO TOTAL 23.000 KG, CARGA ÚTIL MÁXIMA 15.935 KG, DISTÂNCIA ENTRE EIXOS 4,80 M, POTÊNCIA 230 CV INCLUSIVE CAÇAMBA METÁLICA ","CHP","0,0464000","252,13",11.69]
[null,"COMPOSICAO",95631,"ROLO COMPACTADOR VIBRATORIO TANDEM, ACO LISO, POTENCIA 125 HP, PESO SEM/COM LASTRO 10,20/11,65 T, LARGURA DE TRABALHO 1,73 M ","CHP","0,0805000","228,02",18.350000000000001]
[null,"COMPOSICAO",95632,"ROLO COMPACTADOR VIBRATORIO TANDEM, ACO LISO, POTENCIA 125 HP, PESO SEM/COM LASTRO 10,20/11,65 T, LARGURA DE TRABALHO 1,73 M ","CHI","0,0607000","89,32",5.42]
[null,"COMPOSICAO",96155,"TRATOR DE PNEUS COM POTÊNCIA DE 85 CV, TRAÇÃO 4X4, COM VASSOURA MECÂNICA ACOPLADA ","CHI","0,1071000","61,42",6.57]
[null,"COMPOSICAO",96157,"TRATOR DE PNEUS COM POTÊNCIA DE 85 CV, TRAÇÃO 4X4, COM VASSOURA MECÂNICA ACOPLADA","CHP","0,0341000","144,29",4.92]
[null,"COMPOSICAO",96463,"ROLO COMPACTADOR DE PNEUS, ESTATICO, PRESSAO VARIAVEL, POTENCIA 110 HP, PESO SEM/COM LASTRO 10,8/27 T, LARGURA DE ROLAGEM 2,30 M ","CHP","0,0419000","218,21",9.14]
[null,"COMPOSICAO",96464,"ROLO COMPACTADOR DE PNEUS, ESTATICO, PRESSAO VARIAVEL, POTENCIA 110 HP, PESO SEM/COM LASTRO 10,8/27 T, LARGURA DE ROLAGEM 2,30 M ","CHI","0,0990000","95,83",9.48]
[{"$nulls":7},0]
[null,"PRODUÇÃO DA EQUIPE",null,null,1,"CUSTO ",null,{"$f":"SUM(H105:H116)","v":129.6}]
[null,"TOTAL",{"$nulls":5},{"$f":"H117/E117","v":129.6},"OK"]
[null,"BDI                %",{"$nulls":5},{"$f":"1+$M$1","v":1.2467000000000001}]
[null,"TOTAL DO SERVIÇO - R$",{"$nulls":5},{"$f":"ROUND(H118*H119,2)","v":161.57}]
[]
[13,"CODEVASF",null,null," COMPOSIÇÃO DE PREÇO UNITÁRIO",null,null,null,{"$f":"H131","v":0.73},{"$f":"H133","v":0.91}]
[null,"OBRA:  ",{"$f":"$C$2","v":" ITACAMBIRA - RECAPEAMENTO DE VIAS URBANAS EM CBUQ - ITEM 2"},null,null,null,"DATA: ",{"$f":"$H$2","v":" OUTUBRO / 2023   "}]
[null,"SERVIÇO:  ",{"$f":"VLOOKUP(A122,ORÇAMENTO!$A$10:$I$23,3)","v":"TRANSPORTE COM CAMINHÃO BASCULANTE, EM VIA URBANA PAVIMENTADA"},null,"SINAPI",{"$f":"VLOOKUP(A122,ORÇAMENTO!$A$10:$I$23,4)","v":95427},"UNIDADE: ",{"$f":"VLOOKUP(A122,ORÇAMENTO!$A$10:$I$23,5)","v":"M3XKM"}]
[]
[null,"TIPO ITEM","CODIGO ITEM","DESCRIÇÃO ITEM","UNIDADE ITEM","COEFICIENTE","PRECO UNITARIO","CUSTO TOTAL"]
[null,"COMPOSICAO","89883","CAMINHÃO BASCULANTE 18 M3, COM CAVALO MECÂNICO DE CAPACIDADE MÁXIMA DE TRAÇÃO COMBINADO DE 45000 KG, POTÊNCIA 330 CV, INCLUSIVE SEMIREBOQUE COM CAÇAMBA METÁLICA","CHP","0,0019000",348.45,{"$f":"ROUNDDOWN(F127*G127,2)","v":0.66}]
[null,"COMPOSICAO","89884","CAMINHÃO BASCULANTE 18 M3, COM CAVALO MECÂNICO DE CAPACIDADE MÁXIMA DE TRAÇÃO COMBINADO DE 45000 KG, POTÊNCIA 330 CV, INCLUSIVE SEMIREBOQUE COM CAÇAMBA METÁLICA","CHI","0,0008000",93.65,{"$f":"ROUNDDOWN(F128*G128,2)","v":7.0000000000000007E-2}]
[{"$nulls":7},{"$f":"ROUNDDOWN(F129*G129,2)","v":0}]
[null,"PRODUÇÃO DA EQUIPE",null,null,1,"CUSTO ",null,{"$f":"SUM(H127:H129)","v":0.73}]
[null,"TOTAL",{"$nulls":5},{"$f":"H130/E130","v":0.73},"OK"]
[null,"BDI                %",{"$nulls":5},{"$f":"1+$M$1","v":1.2467000000000001}]
[null,"TOTAL DO SERVIÇO - R$",{"$nulls":5},{"$f":"ROUND(H131*H132,2)","v":0.91}]
[]
[15,"CODEVASF",null,null," COMPOSIÇÃO DE PREÇO UNITÁRIO",null,null,null,{"$f":"H144","v":0.44999999999999996},{"$f":"H146","v":0.52}]
[null,"OBRA:  ",{"$f":"$C$2","v":" ITACAMBIRA - RECAPEAMENTO DE VIAS URBANAS EM CBUQ - ITEM 2"},null,null,null,"DATA: ",{"$f":"$H$2","v":" OUTUBRO / 2023   "}]
[null,"SERVIÇO:  ",{"$f":"VLOOKUP(A135,ORÇAMENTO!$A$10:$I$23,3)","v":"TRANSPORTE DE MASSA ASFÁLTICA COM CAMINHÃO BASCULANTE, EM VIA URBANA PAVIMENTADA (BDI DIFERENCIADO)"},null,"SINAPI",{"$f":"VLOOKUP(A135,ORÇAMENTO!$A$10:$I$23,4)","v":95430},"UNIDADE: ",{"$f":"VLOOKUP(A135,ORÇAMENTO!$A$10:$I$23,5)","v":"TXKM"}]
[]
[null,"TIPO ITEM","CODIGO ITEM","DESCRIÇÃO ITEM","UNIDADE ITEM","COEFICIENTE","PRECO UNITARIO","CUSTO TOTAL"]
[null,"COMPOSICAO","89883","CAMINHÃO BASCULANTE 18 M3, COM CAVALO MECÂNICO DE CAPACIDADE MÁXIMA DE TRAÇÃO COMBINADO DE 45000 KG, POTÊNCIA 330 CV, INCLUSIVE SEMIREBOQUE COM CAÇAMBA METÁLICA","CHP","0,0012000",348.45,{"$f":"ROUNDDOWN(F140*G140,2)","v":0.41}]
[null,"COMPOSICAO","89884","CAMINHÃO BASCULANTE 18 M3, COM CAVALO MECÂNICO DE CAPACIDADE MÁXIMA DE TRAÇÃO COMBINADO DE 45000 KG, POTÊNCIA 330 CV, INCLUSIVE SEMIREBOQUE COM CAÇAMBA METÁLICA","CHI","0,0005000",93.65,{"$f":"ROUNDDOWN(F141*G141,2)","v":0.04}]
[{"$nulls":7},{"$f":"ROUNDDOWN(F142*G142,2)","v":0}]
[null,"PRODUÇÃO DA EQUIPE",null,null,1,"CUSTO ",null,{"$f":"SUM(H140:H142)","v":0.44999999999999996}]
[null,"TOTAL",{"$nulls":5},{"$f":"H143/E143","v":0.44999999999999996},"OK"]
[null,"BDI                %",{"$nulls":5},{"$f":"1+$M$2","v":1.1499999999999999}]
[null,"TOTAL DO SERVIÇO - R$",{"$nulls":5},{"$f":"ROUND(H144*H145,2)","v":0.52}]
[]
[16,"CODEVASF",null,null," COMPOSIÇÃO DE PREÇO UNITÁRIO",null,null,null,{"$f":"H156","v":0.52},{"$f":"H158","v":0.6}]
[null,"OBRA:  ",{"$f":"$C$2","v":" ITACAMBIRA - RECAPEAMENTO DE VIAS URBANAS EM CBUQ - ITEM 2"},null,null,null,"DATA: ",{"$f":"$H$2","v":" OUTUBRO / 2023   "}]
[null,"SERVIÇO:  ",{"$f":"VLOOKUP(A148,ORÇAMENTO!$A$10:$I$23,3)","v":"TRANSPORTE COM CAMINHÃO TANQUE DE TRANSPORTE DE MATERIAL ASFÁLTICO DE 30000 L, EM VIA URBANA PAVIMENTADA (BDI DIFERENCIADO)"},null,"SINAPI",{"$f":"VLOOKUP(A148,ORÇAMENTO!$A$10:$I$23,4)","v":102331},"UNIDADE: ",{"$f":"VLOOKUP(A148,ORÇAMENTO!$A$10:$I$23,5)","v":"TXKM"}]
[]
[null,"TIPO ITEM","CODIGO ITEM","DESCRIÇÃO ITEM","UNIDADE ITEM","COEFICIENTE","PRECO UNITARIO","CUSTO TOTAL"]
[null,"COMPOSICAO","91645","CAMINHÃO DE TRANSPORTE DE MATERIAL ASFÁLTICO 30.000 L, COM CAVALO MECÂNICO DE CAPACIDADE MÁXIMA DE TRAÇÃO COMBINADO DE 66.000 KG, POTÊNCIA 360 CV, INCLUSIVE TANQUE DE ASFALTO COM SERPENTINA ","CHP","0,0011000","442,21",{"$f":"ROUNDDOWN(F153*G153,2)","v":0.48}]
[null,"COMPOSICAO","91646","CAMINHÃO DE TRANSPORTE DE MATERIAL ASFÁLTICO 30.000 L, COM CAVALO MECÂNICO DE CAPACIDADE MÁXIMA DE TRAÇÃO COMBINADO DE 66.000 KG, POTÊNCIA 360 CV, INCLUSIVE TANQUE DE ASFALTO COM SERPENTINA","CHI","0,0005000","98,91",{"$f":"ROUNDDOWN(F154*G154,2)","v":0.04}]
[null,"PRODUÇÃO DA EQUIPE",null,null,1,"CUSTO ",null,{"$f":"SUM(H153:H154)","v":0.52}]
[null,"TOTAL",{"$nulls":5},{"$f":"H155/E155","v":0.52},"OK"]
[null,"BDI                %",{"$nulls":5},{"$f":"1+$M$2","v":1.1499999999999999}]
[null,"TOTAL DO SERVIÇO - R$",{"$nulls":5},{"$f":"ROUND(H156*H157,2)","v":0.6}]
[]
[19,"CODEVASF",null,null," COMPOSIÇÃO DE PREÇO UNITÁRIO",null,null,null,{"$f":"H171","v":44.83},{"$f":"H173","v":55.89}]
[null,"OBRA:  ",{"$f":"$C$2","v":" ITACAMBIRA - RECAPEAMENTO DE VIAS URBANAS EM CBUQ - ITEM 2"},null,null,null,"DATA: ",{"$f":"$H$2","v":" OUTUBRO / 2023   "}]
[null,"SERVIÇO:  ",{"$f":"VLOOKUP(A160,ORÇAMENTO!$A$10:$I$27,3)","v":"PINTURA DE SÍMBOLOS E TEXTOS COM TINTA ACRÍLICA, DEMARCAÇÃO COM FITA ADESIVA E APLICAÇÃO COM ROLO (PARE, ETC.)"},null,"SINAPI",{"$f":"VLOOKUP(A160,ORÇAMENTO!$A$10:$I$31,4)","v":102513},"UNIDADE: ","UN."]
[]
[null,"TIPO ITEM","CODIGO ITEM","DESCRIÇÃO ITEM","UNIDADE ITEM","COEFICIENTE","PRECO UNITARIO","CUSTO TOTAL"]
[null,"INSUMO","7348","TINTA ACRILICA PREMIUM PARA PISO","L","0,4270000","17,07",{"$f":"ROUNDDOWN(F165*G165,2)","v":7.28}]
[null,"INSUMO","12815","FITA CREPE ROLO DE 25 MM X 50 M","UN","0,2300000","9,31",2.14]
[null,"COMPOSICAO","88310","PINTOR COM ENCARGOS COMPLEMENTARES","H","0,9600000","28,66",27.51]
[null,"COMPOSICAO","88316","SERVENTE COM ENCARGOS COMPLEMENTARES","H","0,4000000","19,76",7.9]
[{"$nulls":7},0]
[null,"PRODUÇÃO DA EQUIPE",null,null,1,"CUSTO ",null,{"$f":"SUM(H165:H169)","v":44.83}]
[null,"TOTAL",{"$nulls":5},{"$f":"H170/E170","v":44.83},"OK"]
[null,"BDI                %",{"$nulls":5},{"$f":"1+$M$1","v":1.2467000000000001}]
[null,"TOTAL DO SERVIÇO - R$",{"$nulls":5},{"$f":"ROUND(H171*H172,2)","v":55.89}]
[]
[21,"CODEVASF",null,null," COMPOSIÇÃO DE PREÇO UNITÁRIO",null,null,null,{"$f":"H189","v":5.84},{"$f":"H191","v":7.28}]
[null,"OBRA:  ",{"$f":"$C$2","v":" ITACAMBIRA - RECAPEAMENTO DE VIAS URBANAS EM CBUQ - ITEM 2"},null,null,null,"DATA: ",{"$f":"$H$2","v":" OUTUBRO / 2023   "}]
[null,"SERVIÇO:  ",{"$f":"VLOOKUP(A175,ORÇAMENTO!$A$10:$I$27,3)","v":"PINTURA DE EIXO VIÁRIO SOBRE ASFALTO COM TINTA RETRORREFLETIVA A BASE DE RESINA ACRÍLICA COM MICROESFERAS DE VIDRO, APLICAÇÃO MECÂNICA COM DEMARCADORA AUTOPROPELIDA"},null,"SINAPI",{"$f":"VLOOKUP(A175,ORÇAMENTO!$A$10:$I$31,4)","v":102512},"UNIDADE: ",{"$f":"VLOOKUP(A175,ORÇAMENTO!$A$10:$I$31,5)","v":"M"}]
[]
[null,"TIPO ITEM","CODIGO ITEM","DESCRIÇÃO ITEM","UNIDADE ITEM","COEFICIENTE","PRECO UNITARIO","CUSTO TOTAL"]
[null,"INSUMO","5318","DILUENTE AGUARRAS","L","0,0020000","25,91",{"$f":"ROUNDDOWN(F180*G180,2)","v":0.05}]
[null,"INSUMO","7343","TINTA ACRILICA A BASE DE SOLVENTE, PARA SINALIZACAO HORIZONTAL VIARIA (NBR 11862)","L","0,0430000","17,82",0.76]
[null,"INSUMO","44477","MICROESFERAS DE VIDRO PARA SINALIZACAO HORIZONTAL VIARIA, TIPO II-A (DROP-ON)","KG","0,0250000","10,74",0.26]
[null,"INSUMO","44478","MICROESFERAS DE VIDRO PARA SINALIZACAO HORIZONTAL VIARIA, TIPO I-B (PREMIX)","KG","0,0110000","10,74",0.11]
[null,"COMPOSICAO","88310","PINTOR COM ENCARGOS COMPLEMENTARES","H","0,0340000","28,66",0.97]
[null,"COMPOSICAO","88316","SERVENTE COM ENCARGOS COMPLEMENTARES","H","0,0140000","19,76",0.27]
[null,"COMPOSICAO","95133","MÁQUINA DEMARCADORA DE FAIXA DE TRÁFEGO À FRIO, AUTOPROPELIDA, POTÊNCIA 38 HP","CHP","0,0003000","186,11",0.05]
[null,"COMPOSICAO","96159","MÁQUINA DEMARCADORA DE FAIXA DE TRÁFEGO À FRIO, AUTOPROPELIDA, POTÊNCIA 38 HP","CHI","0,0334000","100,90",3.37]
[null,"PRODUÇÃO DA EQUIPE",null,null,1,"CUSTO ",null,{"$f":"SUM(H180:H187)","v":5.84}]
[null,"TOTAL",{"$nulls":5},{"$f":"H188/E188","v":5.84},"OK"]
[null,"BDI                %",{"$nulls":5},{"$f":"1+$M$1","v":1.2467000000000001}]
[null,"TOTAL DO SERVIÇO - R$",{"$nulls":5},{"$f":"ROUND(H189*H190,2)","v":7.28}]
[]
[26,"CODEVASF",null,null," COMPOSIÇÃO DE PREÇO UNITÁRIO",null,null,null,{"$f":"H200","v":2706.7},{"$f":"H202","v":3112.71}]
[null,"OBRA:  ",{"$f":"$C$2","v":" ITACAMBIRA - RECAPEAMENTO DE VIAS URBANAS EM CBUQ - ITEM 2"},null,null,null,"DATA: ",{"$f":"$H$2","v":" OUTUBRO / 2023   "}]
[null,"SERVIÇO:  ",{"$f":"VLOOKUP(A193,ORÇAMENTO!$A$10:$I$36,3)","v":"AQUISIÇÃO DE EMULSAO ASFALTICA CATIONICA RR-1C - EXCLUSIVE TRANSPORTE"},null,"SINAPI",{"$f":"VLOOKUP(A193,ORÇAMENTO!$A$10:$I$36,4)","v":"CPU.6"},"UNIDADE: ",{"$f":"VLOOKUP(A193,ORÇAMENTO!$A$10:$I$36,5)","v":"T"}]
[]
[null,"TIPO ITEM","CODIGO ITEM","DESCRIÇÃO ITEM","UNIDADE ITEM","COEFICIENTE","PRECO UNITARIO","CUSTO TOTAL"]
[null,"INSUMO","ANP","EMULSÃO ASFÁLTICA CATIÔNICA RR-1C(CUSTO ANP, INCLUINDO ICMS 18%)","T",1,{"$f":"2.2195*1.2195122*1000","v":2706.7073279000001},{"$f":"ROUNDDOWN(F198*G198,2)","v":2706.7}]
[null,"PRODUÇÃO DA EQUIPE",null,null,1,"CUSTO ",null,{"$f":"SUM(H198:H198)","v":2706.7}]
[null,"TOTAL",{"$nulls":5},{"$f":"H199/E199","v":2706.7},"OK"]
[null,"BDI                %",{"$nulls":5},{"$f":"1+$M$2","v":1.1499999999999999}]
[null,"TOTAL DO SERVIÇO - R$",{"$nulls":5},{"$f":"ROUND(H200*H201,2)","v":3112.71}]
[]
[27,"CODEVASF",null,null," COMPOSIÇÃO DE PREÇO UNITÁRIO",null,null,null,{"$f":"H211","v":600},{"$f":"H213","v":690}]
[null,"OBRA:  ",{"$f":"$C$2","v":" ITACAMBIRA - RECAPEAMENTO DE VIAS URBANAS EM CBUQ - ITEM 2"},null,null,null,"DATA: ",{"$f":"$H$2","v":" OUTUBRO / 2023   "}]
[null,"SERVIÇO:  ",{"$f":"VLOOKUP(A204,ORÇAMENTO!$A$10:$I$36,3)","v":"AQUISIÇÃO DE CONCRETO BETUMINOSO USINADO A QUENTE (CBUQ) PARA PAVIMENTACAO ASFALTICA, PADRAO DNIT, FAIXA C, COM CAP 50/70 - EXCLUSIVE TRANSPORTE"},null,"SINAPI",{"$f":"VLOOKUP(A204,ORÇAMENTO!$A$10:$I$36,4)","v":"CPU.7"},"UNIDADE: ",{"$f":"VLOOKUP(A204,ORÇAMENTO!$A$10:$I$36,5)","v":"T"}]
[]
[null,"TIPO ITEM","CODIGO ITEM","DESCRIÇÃO ITEM","UNIDADE ITEM","COEFICIENTE","PRECO UNITARIO","CUSTO TOTAL"]
[null,"INSUMO",1518,"CONCRETO BETUMINOSO USINADO A QUENTE (CBUQ) PARA PAVIMENTACAO ASFALTICA, PADRAO DNIT, FAIXA C, COM CAP 50/70 - AQUISICAO POSTO USINA","T",1,600,{"$f":"ROUNDDOWN(F209*G209,2)","v":600}]
[null,"PRODUÇÃO DA EQUIPE",null,null,1,"CUSTO ",null,{"$f":"SUM(H209:H209)","v":600}]
[null,"TOTAL",{"$nulls":5},{"$f":"H210/E210","v":600}]
[null,"BDI                %",{"$nulls":5},{"$f":"1+$M$2","v":1.1499999999999999}]
[null,"TOTAL DO SERVIÇO - R$",{"$nulls":5},{"$f":"ROUND(H211*H212,2)","v":690}]

{"sheet":"BDI SERV","index":2,"n_rows":37,"n_cols":5,"rows_kept":37,"cut":false,"hidden":false,"merged":[[31,1,31,2],[32,0,34,5],[36,0,36,5],[0,1,2,4],[3,1,4,1],[3,2,4,2],[28,0,28,5],[30,1,30,2]]}
[null,"DETALHAMENTO DO BDI - SERVIÇOS"]
[]
[]
[null,"Item","Descrição dos Serviços","%","%"]
[null,null,null,"PV","CD"]
[]
[null,1,"ADMINISTRAÇÃO CENTRAL"," ",4.01]
[null,"1.1","ESCRITÓRIO CENTRAL"," "," "]
[null,"1.2","VIAGENS"," "," "]
[null,"1.3","OUTROS"," "," "]
[null," "," "," "," "]
[null,2,"IMPOSTOS E TAXAS",{"$f":"SUM(D13:D16)","v":8.65},{"$f":"SUM(E13:E16)","v":10.82}]
[null,"2.1","ISS (*)",5,{"$f":"ROUND(D13*1.2515,2)","v":6.26}]
[null,"2.2","PIS",0.65,{"$f":"ROUND(D14*1.2515,2)","v":0.81}]
[null,"2.3","Cofins",3,{"$f":"ROUND(D15*1.2515,2)","v":3.75}]
[null,"2.4","CONTRIBUIÇÃO PREVIDENCIÁRIA SOBRE A RENDA BRUTA",0,{"$f":"ROUND(D16*1.2515,2)","v":0}]
[]
[null,3,"TAXA DE RISCO"," ",{"$f":"SUM(E19:E22)","v":0.96}]
[null,"3.1","SEGURO",null,0.2]
[null,"3.2","RISCO",null,0.56000000000000005]
[null,"3.3","GARANTIA",null,0.2]
[]
[null,4,"DESPESAS FINANCEIRAS"," ",1.1100000000000001]
[]
[null,5,"LUCRO",null,7.3]
[]
[null," ","BDI - CALCULADO"," ",{"$f":"ROUND((((1+(E7+E18)/100)*(1+E23/100)*(1+E25/100)/(1-D12/100)-1)*100),2)","v":24.67}]
[]
["BDI = ((1+((AC+S+R+G)/100))x(1+DF/100)x(1+L/100)/(1-I/100)-1)*100"]
[]
[null,"BDI (CALCULADO):",null,{"$f":"ROUND((((1+((E7+E18)/100))*(1+E23/100)*(1+E25/100))/(1-D12/100)-1)*100,2)","v":24.67},"%"]
[null," "]
["(*) ISS CONFORME LEI MUNICIPAL - NÃO PREVISTO DEDUÇÃO DE MATERIAIS / QUANTIDADE IRRISÓRIA (MATERIAIS ASFÁLTICOS COM BDI DIFERENCIADO)"]
[]
[]
[]
["BDI EM CONFORMIDADE COM OS ACÓRDÃOS Nº 2369/2011 e ACÓRDÃO Nº 2.622/2013 - TCU - PLENÁRIO"]

{"sheet":"BDI FORN","index":3,"n_rows":37,"n_cols":5,"rows_kept":37,"cut":false,"hidden":false,"merged":[[31,1,31,2],[32,0,34,5],[36,0,36,5],[0,1,2,4],[3,1,4,1],[3,2,4,2],[28,0,28,5],[30,1,30,2]]}
[null,"DETALHAMENTO DO BDI - FORNECIMENTO \n(MATERIAL ASFÁLTICO)"]
[]
[]
[null,"Item","Descrição dos Serviços","%","%"]
[null,null,null,"PV","CD"]
[]
[null,1,"ADMINISTRAÇÃO CENTRAL"," ",3.72]
[null,"1.1","ESCRITÓRIO CENTRAL"," "," "]
[null,"1.2","VIAGENS"," "," "]
[null,"1.3","OUTROS"," "," "]
[null," "," "," "," "]
[null,2,"IMPOSTOS E TAXAS",{"$f":"SUM(D13:D16)","v":3.65},{"$f":"SUM(E13:E16)","v":4.5600000000000005}]
[null,"2.1","ISS (*)",null,{"$f":"ROUND(D13*1.2515,2)","v":0}]
[null,"2.2","PIS",0.65,{"$f":"ROUND(D14*1.2515,2)","v":0.81}]
[null,"2.3","Cofins",3,{"$f":"ROUND(D15*1.2515,2)","v":3.75}]
[null,"2.4","CONTRIBUIÇÃO PREVIDENCIÁRIA SOBRE A RENDA BRUTA",0,{"$f":"ROUND(D16*1.2515,2)","v":0}]
[]
[null,3,"TAXA DE RISCO"," ",{"$f":"SUM(E19:E22)","v":0.82000000000000006}]
[null,"3.1","SEGURO",null,0.16]
[null,"3.2","RISCO",null,0.5]
[null,"3.3","GARANTIA",null,0.16]
[]
[null,4,"DESPESAS FINANCEIRAS"," ",0.94]
[]
[null,5,"LUCRO",null,5]
[]
[null," ","BDI - CALCULADO"," ",{"$f":"ROUND((((1+(E7+E18)/100)*(1+E23/100)*(1+E25/100)/(1-D12/100)-1)*100),2)","v":15}]
[]
["BDI = ((1+((AC+S+R+G)/100))x(1+DF/100)x(1+L/100)/(1-I/100)-1)*100"]
[]
[null,"BDI (CALCULADO):",null,{"$f":"ROUND((((1+((E7+E18)/100))*(1+E23/100)*(1+E25/100))/(1-D12/100)-1)*100,2)","v":15},"%"]
[null," "]
[]
[]
[]
[]
["BDI EM CONFORMIDADE COM OS ACÓRDÃOS Nº 2369/2011 e ACÓRDÃO Nº 2.622/2013 - TCU - PLENÁRIO"]

{"sheet":"CRONOGRAMA","index":4,"n_rows":21,"n_cols":9,"rows_kept":21,"cut":false,"hidden":false,"merged":[[0,1,0,8],[1,1,2,1],[1,2,2,4],[1,6,1,8],[2,6,2,8],[3,1,3,7],[5,0,6,0],[5,1,6,1],[5,2,6,2],[7,0,8,0],[7,1,8,1],[7,2,8,2],[9,0,10,0],[9,1,10,1],[9,2,10,2],[11,0,12,0],[11,1,12,1],[11,2,12,2],[17,1,18,2],[20,1,24,8],[13,0,14,0],[13,1,14,1],[13,2,14,2],[15,0,16,0],[15,1,16,1],[15,2,16,2]]}
[null,"CRONOGRAMA FÍSICO-FINANCEIRO"]
[null,"OBRA: ",{"$f":"ORÇAMENTO!C5","v":" ITACAMBIRA - RECAPEAMENTO DE VIAS URBANAS EM CBUQ - ITEM 2"},null,null,"VALOR:",{"$f":"ORÇAMENTO!I29","v":1485618.96}]
[{"$nulls":5},"PRAZO: ","90 DIAS "]
[]
[null,"ITEM","ETAPAS/DESCRIÇAO","FISICO/  FINANCEIRO","TOTAL    ETAPAS","MÊS 1","MÊS 2","MÊS 3","TOTAL"]
["A",{"$f":"VLOOKUP(A6,ORÇAMENTO!$A$9:$I$29,2)","v":1},{"$f":"VLOOKUP(A6,ORÇAMENTO!$A$9:$I$29,3)","v":"SERVIÇOS PRELIMINARES "},"FISICO ",{"$f":"ROUND(E7/$G$2,4)","v":7.9799999999999996E-2},0.3,0.4,0.3,{"$f":"SUM(F6:H6)","v":1}]
[null,null,null,"FINANCEIRO",{"$f":"ORÇAMENTO!I9","v":118589.97},{"$f":"ROUND($E$7*F6,2)","v":35576.99},{"$f":"ROUND($E$7*G6,2)","v":47435.99},{"$f":"ROUND($E$7*H6,2)","v":35576.99},{"$f":"SUM(F7:H7)","v":118589.97}]
["B",{"$f":"VLOOKUP(A8,ORÇAMENTO!$A$9:$I$29,2)","v":2},{"$f":"VLOOKUP(A8,ORÇAMENTO!$A$9:$I$29,3)","v":"PAVIMENTAÇÃO"},"FISICO ",{"$f":"ROUND(E9/$G$2,4)","v":8.5800000000000001E-2},0.3,0.4,0.3,{"$f":"SUM(F8:H8)","v":1}]
[null,null,null,"FINANCEIRO",{"$f":"ORÇAMENTO!I14","v":127469.6},{"$f":"ROUND($E$9*F8,2)","v":38240.879999999997},{"$f":"ROUND($E$9*G8,2)","v":50987.839999999997},{"$f":"ROUND($E$9*H8,2)","v":38240.879999999997},{"$f":"SUM(F9:H9)","v":127469.6}]
["C",{"$f":"VLOOKUP(A10,ORÇAMENTO!$A$9:$I$29,2)","v":3},{"$f":"VLOOKUP(A10,ORÇAMENTO!$A$9:$I$29,3)","v":"TRANSPORTE DE MATERIAIS"},"FISICO ",{"$f":"ROUND(E11/$G$2,4)","v":2.0999999999999999E-3},0.3,0.4,0.3,{"$f":"SUM(F10:H10)","v":1}]
[null,null,null,"FINANCEIRO",{"$f":"ORÇAMENTO!I18","v":3185},{"$f":"ROUND($E$11*F10,2)","v":955.5},{"$f":"ROUND($E$11*G10,2)","v":1274},{"$f":"ROUND($E$11*H10,2)","v":955.5},{"$f":"SUM(F11:H11)-0.04","v":3184.96}]
["D",{"$f":"VLOOKUP(A12,ORÇAMENTO!$A$9:$I$29,2)","v":4},{"$f":"VLOOKUP(A12,ORÇAMENTO!$A$9:$I$29,3)","v":"TRANSPORTE DE MATERIAL ASFÁLTICO (BDI DIFERENCIADO)"},"FISICO ",{"$f":"ROUND(E13/$G$2,4)","v":5.7599999999999998E-2},0.3,0.4,0.3,{"$f":"SUM(F12:H12)","v":1}]
[null,null,null,"FINANCEIRO",{"$f":"ORÇAMENTO!I20","v":85600},{"$f":"ROUND($E$13*F12,2)","v":25680},{"$f":"ROUND($E$13*G12,2)","v":34240},{"$f":"ROUND($E$13*H12,2)","v":25680},{"$f":"SUM(F13:H13)-0.02","v":85599.98}]
["E",{"$f":"VLOOKUP(A14,ORÇAMENTO!$A$9:$I$29,2)","v":5},{"$f":"VLOOKUP(A14,ORÇAMENTO!$A$9:$I$29,3)","v":"OBRAS COMPLEMENTARES (SINALIZAÇÃO)"},"FISICO ",{"$f":"ROUND(E15/$G$2,4)","v":5.91E-2},0,0,1,{"$f":"SUM(F14:H14)","v":1}]
[null,null,null,"FINANCEIRO",{"$f":"ORÇAMENTO!I23","v":87772.800000000003},{"$f":"ROUND($E$15*F14,2)","v":0},{"$f":"ROUND($E$15*G14,2)","v":0},{"$f":"ROUND($E$15*H14,2)","v":87772.800000000003},{"$f":"SUM(F15:H15)-0.02","v":87772.78}]
["F",{"$f":"VLOOKUP(A16,ORÇAMENTO!$A$9:$I$29,2)","v":6},{"$f":"VLOOKUP(A16,ORÇAMENTO!$A$9:$I$29,3)","v":"FORNECIMENTOS - MATERIAL ASFÁLTICO (BDI DIFERENCIADO)"},"FISICO ",{"$f":"ROUND(E17/$G$2,4)","v":0.71550000000000002},0.3,0.4,0.3,{"$f":"SUM(F16:H16)","v":1}]
[null,null,null,"FINANCEIRO",{"$f":"ORÇAMENTO!I26","v":1063001.5900000001},{"$f":"ROUND($E$17*F16,2)","v":318900.47999999998},{"$f":"ROUND($E$17*G16,2)","v":425200.64000000001},{"$f":"ROUND($E$17*H16,2)","v":318900.47999999998},{"$f":"SUM(F17:H17)-0.02","v":1063001.58}]
[null,"TOTAL",null,"FISICO ",{"$f":"SUM(F18:H18)","v":1.0000000067312009},{"$f":"F19/$E$19","v":0.2822755102694704},{"$f":"G19/$E$19","v":0.37636734926969423},{"$f":"H19/$E$19","v":0.3413571471920363},{"$f":"SUM(F18:H18)","v":1.0000000067312009}]
[null,null,null,"FINANCEIRO",{"$f":"E11+E9+E7+E13+E17+E15","v":1485618.9600000002},{"$f":"F11+F9+F7+F13+F17+F15","v":419353.85},{"$f":"G11+G9+G7+G13+G17+G15","v":559138.47},{"$f":"H11+H9+H7+H13+H17+H15","v":507126.64999999997},{"$f":"SUM(F19:H19)-0.01","v":1485618.96}]
[]
[null,"OBSERVAÇÕES:"]